01367cam a22002774a 4500999001500000001000600015003000900021005001700030008004100047020001800088040003300106082002000139100002100159245006500180250001300245260008200258300003000340500002000370650003100390942001200421952013600433952013300569952013300702952011800835952013600953 c1283d128314092BD-DhUAP20200204161923.0200204r20091960ii 001 0 eng d a9788180385599 aDLCcBD-DhUAPbEngdBD-DhUAP 223a341.762 BAS1 aBasu, Durga Das.10aIntroduction to the Constitution of India /cDurga Das Basu. a20th ed. aNew Delhi :bLexis Nexis Butterworths Wadhwa Nagpur,cc1960 [Reprinted 2009]. axxii, 509 pages ;c24 cm. aIncludes index. 0aConstitutional lawzIndia. 2ddccBK 00102ddc4070aUAPCLbUAPCLcGeneral Stacksd2020-02-04l2m1o341.762 BASp3010014092r2025-03-02s2025-02-02t1w2020-02-04yBK 00102ddc4070aUAPCLbUAPCLcGeneral Stacksd2020-02-04l1o341.762 BASp3010014095r2023-03-02s2023-02-28t2w2020-02-04yBK 00102ddc4070aUAPCLbUAPCLcGeneral Stacksd2020-02-04l1o341.762 BASp3010014093r2025-02-16s2025-02-01t3w2020-02-04yBK 00102ddc4070aUAPCLbUAPCLcGeneral Stacksd2020-02-04o341.762 BASp3010014091r2020-02-04t4w2020-02-04yBK 00102ddc4070aUAPCLbUAPCLcGeneral Stacksd2020-02-04l1m1o341.762 BASp3010014094r2025-02-24s2025-02-01t5w2020-02-04yBK